000 00788nam a22002417a 4500
005 20150806113331.0
010 _aENG-113143
020 _a9788184248425
_c350.00
035 _aEN-96675
037 _bDBAD/PUB
082 _a306.85
100 _aJugessur, Soodursun
245 _aValue crisis :
_cby Soodursun Jugessur
_bthe happy family through family communion = sukhi parivaar /
246 _aSukhi parivaar
260 _aNew Delhi
_bAllied Publishers
_c2013
270 _a1/13-14 Asaf Ali Road,
_bNew Delhi
_e110002
300 _axxxi,181p. :
_c22cm(Hb)
_bb & w ill.
500 _a Includes bibliographical references (pages 175-178) and index.
650 _aFamilies.
650 _a Parent and child.
650 _aValues.
942 _2ddc
_cEN
_mJUG
_h306.85
999 _c93819
_d93819